駅名に「・」が含まれる日本の鉄道駅 - Statistics

General Stats
  • This quiz has been taken 142 times
  • The average score is 12 of 26
Answer Stats
路線名 Answer % Correct
京急逗子線 逗子・葉山
86%
みなとみらい線 元町・中華街
85%
京急空港線 羽田空港第1・第2ターミナル
85%
吾妻線 万座・鹿沢口
76%
多摩都市モノレール 中央大学・明星大学
68%
ディズニーリゾートライン リゾートゲートウェイ・ステーション
65%
泉北高速鉄道 栂・美木多
61%
ディズニーリゾートライン 東京ディズニーランド・ステーション
58%
ディズニーリゾートライン 東京ディズニーシー・ステーション
58%
地下鉄海岸線 三宮・花時計前
55%
ディズニーリゾートライン ベイサイド・ステーション
51%
多摩都市モノレール 大塚・帝京大学
51%
阪神本線 鳴尾・武庫川女子大前
45%
リニモ 愛・地球博記念公園
44%
宇都宮ライトレール 芳賀・高根沢工業団地
42%
名鉄犬山線 徳重・名古屋芸大
39%
地下鉄海岸線 旧居留地・大丸前
38%
嵐電北野線 等持院・立命館大学衣笠キャンパス前
35%
名鉄瀬戸線 大森・金城学院前
32%
アルピコ交通上高地線 北新・松本大学前
30%
三陸鉄道リアス線 八木沢・宮古短大
26%
富山地方鉄道富山軌道線 電鉄富山駅・エスタ前
24%
叡山本線 茶山・京都芸術大学
18%
熊本市電 熊本城・市役所前
18%
岡山電気軌道東山本線 東山・おかでんミュージアム駅
17%
岡山電気軌道東山本線 西大寺町・岡山芸術創造劇場ハレノワ前
6%
No matching quizzes found
Score Distribution
Percent of People with Each Score
Percentile by Number Answered
Your Score History
You have not taken this quiz